00618cam a22002051 450000100060000000300080000600500170001400800390003103500190007003500190008904000380010804100080014608200180015410000260017224500880019826000490028630000370033550400200037265000200039212310BD-RjUL20211208235254.0140128s1962 iaua s001 0 eng a(BD-RjUL)12359 a(OCoLC)1438031 aDLCcFOdOCoLCdDLCdBD-RjULbeng aeng a632bSHH 19621 aShurtleff, Malcolm C.10aHow to control plant diseases in home and garden /cArt work by Roger D. Albertson. aAmes :bIowa State University Press ,cc1962 aviii, 529 p. :billus. ;c23 cm. aIncludes index. 0aPlant diseases.